000 01277nam2a2200325 i 4500
001 RU\NLR\BIBL_A\011187365
005 20241103101720.0
010 _a9785447497705
021 _aRU
_b2016-55707
_93537
035 _a(NLR Aleph) 011187365
090 _a11848990
_c11848990
100 _a20160802d2016 u y0rusy50 ca
101 0 _arus
102 _aRU
105 _aa|||z|||000yy
200 1 _aТеория Жизни
210 _d2016
215 _a45, [1] с.
_cил.
320 _aДр. произведения авт. на 3-й с.
461 0 _1001RU\NLR\BIBL_A\011210364
_12001#$aТеория Всего$e[в 4 ч.]$fМихаил Тевосян$vЧ. 1
_1700#1$aТевосян$bМ. В.$gМихаил Владимирович
_911968862
_aТевосян, М. В.
_c[Б. м.]
_d2016
_fМихаил Тевосян
_nИздательские решения
_o[в 4 ч.]
_tТеория Всего
_vЧ. 1
606 1 _aАтомы
_xМодели
_91053750
_3RU\NLR\AUTH\6689573
606 1 _aМатерия
_xСтроение
_92132942
_3RU\NLR\AUTH\661286568
606 _aЖивая природа
_91089503
_3RU\NLR\AUTH\66427119
686 1 _aВ632.93в
686 1 _aВ31
686 1 _aЕ085
942 _cBOOK
980 _aNBR